000 00326nam a22001217a 4500
020 _a8186732470
082 _a637.1
_bEIR/MI
100 _aEngineers India Research Institute
245 _aMilk processing and dairy products industries
260 _aNew Delhi
_bEngineers India Research Institute
300 _a380
942 _cBK
999 _c13674
_d13674